Statistics for Zodiac Signs - Name Them All

Click here to take the quiz!

General Stats

  • This quiz has been taken 64 times
  • The average score is 10 of 12

Answer Stats

DateZodiac% Correct
22nd June - 22nd JulyCancer
86%
21st March - 20th AprilAries
84%
21st May - 21st JuneGemini
84%
20th December - 19th JanuaryCapricorn
82%
23rd July - 23rd AugustLeo
82%
23rd September - 22nd OctoberLibra
82%
20th February - 20th MarchPisces
82%
21st April - 20th MayTaurus
80%
22nd November - 19th DecemberSagittarius
78%
20th January - 19th FebruaryAquarius
76%
23rd October - 21st NovemberScorpio
76%
24th August - 22nd SeptemberVirgo
76%

Score Distribution

Percentile by Number Answered

Percent of People with Each Score

Your Score History

You have not taken this quiz